000 00355nam a22001337a 4500
008 131210b xxu||||| |||| 00| 0 eng d
050 _aBS325.L98 1970
100 _aUBS
_95375
245 _aMukunda wakalunga
_cUBS
260 _aLusaka
_bUnited Bible Society
_c1970
300 _a393p.;
_c21cm.
650 _aBible
_xLuvale
_95376
942 _2lcc
_cMONOGRAPH
999 _c119150
_d119150